Religion Quiz

Random Religion or Verse Quiz

Rewards from Matthew 5 (NIV) Quiz Stats

 Plays Quiz not verified by Sporcle

Challenge
Share
Tweet
Embed
Score 0/107 Timer 01:30
0 Plays Today
Hint Answer % Correct
and
83.3%
the
83.3%
the
83.3%
the
83.3%
and
83.3%
the
83.3%
the
83.3%
the
83.3%
and
83.3%
the
83.3%
the
83.3%
in
66.7%
in
66.7%
in
66.7%
in
66.7%
of
50%
of
50%
of
50%
of
50%
to
50%
of
50%
of
50%
are
33.3%
you
33.3%
you
33.3%
you
33.3%
you
33.3%
is
33.3%
reward
33.3%
for
33.3%
you
33.3%
you
33.3%
you
33.3%
reward
33.3%
you
33.3%
Are
33.3%
Hint Answer % Correct
all
16.7%
me
16.7%
be
16.7%
your
16.7%
they
16.7%
were
16.7%
do
16.7%
be
16.7%
but
16.7%
be
16.7%
Matthew 5:46If
16.7%
what
16.7%
not
16.7%
that?
16.7%
Matthew 5:11Blessed
0%
when
0%
people
0%
insult
0%
persecute
0%
falsely
0%
say
0%
kinds
0%
evil
0%
against
0%
because
0%
Matthew 5:12Rejoice
0%
glad
0%
because
0%
great
0%
heaven
0%
same
0%
way
0%
persecuted
0%
prophets
0%
who
0%
before
0%
Hint Answer % Correct
Matthew 5:19Anyone
0%
who
0%
breaks
0%
one
0%
least
0%
these
0%
commandments
0%
teaches
0%
others
0%
same
0%
will
0%
called
0%
least
0%
kingdom
0%
heaven
0%
whoever
0%
practices
0%
teaches
0%
these
0%
commands
0%
will
0%
called
0%
great
0%
kingdom
0%
heaven
0%
love
0%
those
0%
who
0%
love
0%
will
0%
get?
0%
even
0%
tax
0%
collectors
0%
doing
0%

You're not logged in!

Compare scores with friends on all Sporcle quizzes.
OR
Log In

You Might Also Like...

Show Comments

Extras

Created Jul 16, 2017ReportNominate
Tags:Verse Quiz, matthew, niv, recite, reward

Top Quizzes Today


Score Distribution

Your Account Isn't Verified!

In order to create a playlist on Sporcle, you need to verify the email address you used during registration. Go to your Sporcle Settings to finish the process.

Report this User

Report this user for behavior that violates our Community Guidelines.

Details: